Deutsche Stadtrechte im mittelalterlichen Siebenbürgen
| Titel: | Deutsche Stadtrechte im mittelalterlichen Siebenbürgen : Korporationsrechte - Sachsenspiegelrecht - Bergrecht / von Dirk Moldt |
|---|---|
| Verfasser: | |
| Ausgabe: | 1. Auflage |
| Veröffentlicht: | Köln : Böhlau, 2009 |
| Umfang: | XI, 259 Seiten ; 230 mm x 150 mm |
| Format: | Buch |
| Sprache: | Deutsch |
| Schriftenreihe/ mehrbändiges Werk: |
Studia Transylvanica ; 37 |
| RVK-Notation: |
·
·
|
| ISBN: | 9783412202385 |
| Hinweise zum Inhalt: |
Inhaltstext
Inhaltsverzeichnis |
alg: 20649359
001A $03004:10-11-08
001B $01999:26-07-24 $t08:40:41.000
001D $03004:17-08-09
001U $0utf8
001X $00
002@ $0Aau
002C $aText $btxt $2rdacontent
002D $aohne Hilfsmittel zu benutzen $bn $2rdamedia
002E $aBand $bnc $2rdacarrier
003@ $0206493592
003O $0301547127 $aOCoLC
004A $A978-3-412-20238-5 $fGb. : ca. EUR 34.90, ca. EUR 35.90 (AT)
004K $09783412202385
006G $0988814234
006T $008,N24,3142
006U $009,A09,0535 $f20080521
007A $0988814234 $aDNB
007G $0DE020B9826F17E51C09EDC12579280034EF02
007T $0Herdc0042948m
009P $qtext/html $A2 $3Inhaltstext $uhttp://deposit.dnb.de/cgi-bin/dokserv?id=3112566&prov=M&dok_var=1&dok_ext=htm $mB:DE-101
009P $qapplication/pdf $A2 $3Inhaltsverzeichnis $uhttp://scans.hebis.de/HEBCGI/show.pl?20649359_toc.pdf $mV:DE-603;B:DE-Mb50
010@ $ager
011@ $a2009
017A $asf
021A $aDeutsche Stadtrechte im mittelalterlichen Siebenbürgen $dKorporationsrechte - Sachsenspiegelrecht - Bergrecht $hvon Dirk Moldt
028A $BVerfasser $4aut $7135774969 $8Moldt, Dirk$Z1963- [Tp1] $9201589389
032@ $a1. Auflage
033A $pKöln $nBöhlau
034D $aXI, 259 Seiten
034I $a230 mm x 150 mm
036E $aStudia Transylvanica $l37
036F $x237 $8Studia Transylvanica $9010907564 $l37
037A $aLiteraturverzeichnis Seite 240-256
039U $aRezensiert in $8--Aox--Zach, Krista. Moldt, Dirk, 1963-. Deutsche Stadtrechte im mittelalterlichen Siebenbürgen. - Köln {[u.a.] : Böhlau. - 2009 [Rezension], 2011 $9394811895
039U $aRezensiert in $8--Aox--Zimmermann, Harald. Moldt, Dirk, 1963-. Deutsche Stadtrechte im mittelalterlichen Siebenbürgen. - Köln {[u.a.] : Böhlau. - 2009 [Rezension], 2009 $9394992296
039U $aRezensiert in $8--Aox--Beham, Markus Peter. Moldt, Dirk, 1963-. Deutsche Stadtrechte im mittelalterlichen Siebenbürgen. - Köln {[u.a.] : Böhlau. - 2009 [Rezension], 2009/2010 [2010] $9395004195
039U $aRezensiert in $8--Aox--Schmidt-Recla, Adrian. Moldt, Dirk, 1963-. Deutsche Stadtrechte im mittelalterlichen Siebenbürgen. - Köln {[u.a.] : Böhlau. - 2009 [Rezension], 2010 $9395119162
039U $aRezensiert in $8--Aox--Szende, Katalin. Moldt, Dirk, 1963-. Deutsche Stadtrechte im mittelalterlichen Siebenbürgen. - Köln {[u.a.] : Böhlau. - 2009 [Rezension], 2014 $9395132177
044K $qDNB $RRumänien $#Siebenbürgen $#Siebenbürgen $#Fürstentum Siebenbürgen $#Transsilvanien $#Transsylvanien $#Transilvania $#Transylvania $#Ardeal $#Erdély $#Siedmiogród $#Sedmohradsko $#Sedmihradsko $74054835-1 $8Siebenbürgen [Tg1] $9085152552
044K $qDNB $RWeichbild $74125683-9 $8Stadtrecht [Ts1] $9085424722
044K $qDNB $RRumäniendeutsche $#Germans Romania Transylvania $#Allemands de Transylvanie $#Siebenbürgen Deutsche $74054836-3 $8Siebenbürger Sachsen [Ts1] $9085152560
045E $c340 $c943
045F $a340.0949840902 $eDDC22ger
045F/01 $a340.09
045F/03 $f0902
045F/03 $g4984
045G $a943.8400431 $eDDC22ger
045G/01 $a943.8
045G/03 $g4984
045G/03 $l31
045H $a900.94980902 $eDDC23BSB
045H/01 $a900
045H/03 $f0902
045H/03 $g498
045I $a340.09 $eDDC23BSB
045I/01 $a340.09
045I/03 $f0902
045I/03 $g498
045J $a305.8009498 $eDDC23BSB
045J/01 $a305.8009
045J/03 $g498
045R $aGeschichte 1150-1499
045R/01 $aGeschichte
045Z $8NB 5350 [Tkv] $9410848492
045Z $8NR 1810 [Tkv] $9410921637
045Z $8PW 9250 [Tkv] $9411121901
lok: 20649359 23
exp: 20649359 23 1 #EPN
201B/01 $022-12-09 $t15:12:01.000
201C/01 $004-12-09
201U/01 $0utf8
203@/01 $0585461295
208@/01 $a22-12-09 $bz
209A/01 $a25 Ges HN 1501 $du $f024 $hGES HN 1501 $x00
209G/01 $a25555015 $x00
247C/01 $8352024-9 <34/24>Kassel, UB Kassel, Standort Holländischer Platz $9102599459
lok: 20649359 24
101B $017-08-09 $t15:06:51.000
101C $017-08-09
101U $0utf8
145Z/01 $a55 8 S 5
145Z/02 $a55 7 C
145Z/03 $a55 7 D
145Z/04 $a55 12 E
145Z/05 $a55 3 C
145Z/06 $a55 12 O
145Z/07 $a55 13 C
145Z/08 $a55 13 M
exp: 20649359 24 1 #EPN
201B/01 $017-08-09 $t15:06:51.000
201C/01 $010-11-08
201U/01 $0utf8
203@/01 $0563137029
208@/01 $a17-08-09 $bz
209A/01 $a09.3940 $du $f050 $h09 3940 $x00
209C/01 $a09.3940 K $h09 3940 K
209G/01 $a72486196 $x00
220C/01 $ajwa/hae
247C/01 $8358050-7 Marburg, Bibliothek des Herder-Instituts Marburg $9102600961
lok: 20649359 78
exp: 20649359 78 1 #EPN
201B/01 $019-04-17 $t15:02:22.000
201U/01 $0utf8
203@/01 $0791950271
208@/01 $a12-11-16 $be
209A/01 $a/ $f000 $x00
220C/01 $aTitelaufnehmer: nk;an
220C/01 $aHerkunft: HI Marburg
237A/01 $aweiterführende Signatur(en): 09.3940
244Z/01 $2Trx $#Ungari $#Vengrija $#Ungārija $#Ungarn $#Hungary $#Węgry $#Maďarsko $#Maďarsko $#Uhorsko $#Uhersko;Uhry $8--Trx--Magyarország $x01 $9391197150
244Z/01 $aGeschichte 500-1500 $x02
244Z/01 $2Trx $#linnaõigus $#miestų teisė $#city law $#városjog $#prawa miejskie $#právo mestské $#právo městské $8--Trx--Stadtrecht $x03 $9391355015
244Z/01 $2Trx $#kaevandusõigus $#kalnų teisė $#mining law $#bányajog $#prawo górnicze $#právo banícké $#právo horní $8--Trx--Bergrecht $x04 $9391370227
244Z/01 $2Trx $#asundusajalugu $#kolonizacija $#history of settlements $#településtörténet $#osadnictwo $#dejiny osídlenia $#dějiny osídlení $#osídlenie $#osídlení $8--Trx--Siedlungsgeschichte $x05 $9391357131
244Z/01 $2Trx $8--Trx--Monographie $x06 $9391384546
245Z/01 $a07.02 $x01
247C/01 $82080>Marburg/Lahn, Herder-Institut, Forschungsbibliothek, Bibliographieportal $9336309341
lok: 20649359 204
exp: 20649359 204 1 #EPN
201B/01 $019-07-24 $t10:19:01.000
201C/01 $003-07-24
201U/01 $0utf8
203@/01 $01266248188
208@/01 $a03-07-24 $bzl01
209A/01 $a13 Dga 2009/1 $do $f010 $h010 13 Dga 2009 1 $x00
209G/01 $a89006163 $x00
209G/01 $ahap10117080 $x01
247C/01 $8631010-2 <26/010>Gießen, Universität Gießen, Zweigbibliothek Recht und Wirtschaft $9102596751
lok: 20649359 205
exp: 20649359 205 1 #EPN
201B/01 $012-07-18 $t16:28:02.000
201C/01 $001-09-09
201U/01 $0utf8
203@/01 $0581149580
208@/01 $a07-10-09 $bz
209A/01 $a001 NB 5350 M717 $db $f000 $x00
209A/01 $aH 2009/0580 $x08
209C/01 $anel0910h
209G/01 $a51420098 $x00
247C/01 $8351000-1 <4>Marburg, Universität Marburg, Universitätsbibliothek $9102594767
| LEADER | 00000cam a2200000 c 4500 | ||
|---|---|---|---|
| 001 | 206493592 | ||
| 003 | DE-603 | ||
| 005 | 20240726084041.0 | ||
| 007 | tu | ||
| 008 | 081110s2009 xx |||| | u00||u|ger | ||
| 015 | |a 09,A09,0535 |z 08,N24,3142 |2 dnb | ||
| 016 | 7 | |2 DE-101 |a 988814234 | |
| 020 | |a 9783412202385 |c Gb. : ca. EUR 34.90, ca. EUR 35.90 (AT) | ||
| 024 | 3 | |a 9783412202385 | |
| 035 | |a (DE-599)DNB988814234 | ||
| 035 | |a (OCoLC)301547127 | ||
| 040 | |a DE-603 |b ger |c DE-603 |d DE-603 | ||
| 041 | |a ger | ||
| 082 | 0 | 4 | |8 1\u |a 340.0949840902 |q DE-101 |2 22/ger |
| 083 | 0 | |8 2\u |a 943.8400431 |q DE-101 |2 22/ger | |
| 083 | 0 | |8 3\u |a 900.94980902 |q DE-101 |2 23/BSB | |
| 083 | 0 | |8 4\u |a 340.09 |q DE-101 |2 23/BSB | |
| 083 | 0 | |8 5\u |a 305.8009498 |q DE-101 |2 23/BSB | |
| 084 | |a 340 |a 943 |q DE-101 |2 sdnb | ||
| 084 | |a NB 5350 |0 (DE-625)124128: |0 (DE-603)410848492 |2 rvk | ||
| 084 | |a NR 1810 |0 (DE-625)129178: |0 (DE-603)410921637 |2 rvk | ||
| 084 | |a PW 9250 |0 (DE-625)140997: |0 (DE-603)411121901 |2 rvk | ||
| 085 | |8 1\u |b 340.09 | ||
| 085 | |8 1\u |z 1 |s 0902 | ||
| 085 | |8 1\u |z 2 |s 4984 | ||
| 085 | |8 2\u |b 943.8 | ||
| 085 | |8 2\u |z 2 |s 4984 | ||
| 085 | |8 2\u |z 5 |s 31 | ||
| 085 | |8 3\u |b 900 | ||
| 085 | |8 3\u |z 1 |s 0902 | ||
| 085 | |8 3\u |z 2 |s 498 | ||
| 085 | |8 4\u |b 340.09 | ||
| 085 | |8 4\u |z 1 |s 0902 | ||
| 085 | |8 4\u |z 2 |s 498 | ||
| 085 | |8 5\u |b 305.8009 | ||
| 085 | |8 5\u |z 2 |s 498 | ||
| 090 | |a b | ||
| 100 | 1 | |a Moldt, Dirk |d 1963- |e Verfasser |4 aut |0 (DE-603)201589389 |0 (DE-588)135774969 |2 gnd | |
| 245 | 0 | 0 | |a Deutsche Stadtrechte im mittelalterlichen Siebenbürgen |b Korporationsrechte - Sachsenspiegelrecht - Bergrecht |c von Dirk Moldt |
| 250 | |a 1. Auflage | ||
| 264 | 1 | |a Köln |b Böhlau |c 2009 | |
| 300 | |a XI, 259 Seiten |c 230 mm x 150 mm | ||
| 336 | |a Text |b txt |2 rdacontent | ||
| 337 | |a ohne Hilfsmittel zu benutzen |b n |2 rdamedia | ||
| 338 | |a Band |b nc |2 rdacarrier | ||
| 490 | 1 | |a Studia Transylvanica |v 37 | |
| 500 | |a Literaturverzeichnis Seite 240-256 | ||
| 648 | 7 | |a Geschichte 1150-1499 |2 gnd | |
| 648 | 7 | |a Geschichte |2 gnd | |
| 650 | 7 | |a Stadtrecht |0 (DE-588)4125683-9 |0 (DE-603)085424722 |2 gnd | |
| 650 | 7 | |a Siebenbürger Sachsen |0 (DE-588)4054836-3 |0 (DE-603)085152560 |2 gnd | |
| 651 | 7 | |a Siebenbürgen |0 (DE-588)4054835-1 |0 (DE-603)085152552 |2 gnd | |
| 787 | 0 | 8 | |i Rezensiert in |a Zach, Krista |t Moldt, Dirk, 1963-. Deutsche Stadtrechte im mittelalterlichen Siebenbürgen. - Köln [u.a.] : Böhlau. - 2009 [Rezension] |w (DE-603)394811895 |
| 787 | 0 | 8 | |i Rezensiert in |a Zimmermann, Harald |t Moldt, Dirk, 1963-. Deutsche Stadtrechte im mittelalterlichen Siebenbürgen. - Köln [u.a.] : Böhlau. - 2009 [Rezension] |w (DE-603)394992296 |
| 787 | 0 | 8 | |i Rezensiert in |a Beham, Markus Peter |t Moldt, Dirk, 1963-. Deutsche Stadtrechte im mittelalterlichen Siebenbürgen. - Köln [u.a.] : Böhlau. - 2009 [Rezension] |w (DE-603)395004195 |
| 787 | 0 | 8 | |i Rezensiert in |a Schmidt-Recla, Adrian |t Moldt, Dirk, 1963-. Deutsche Stadtrechte im mittelalterlichen Siebenbürgen. - Köln [u.a.] : Böhlau. - 2009 [Rezension] |w (DE-603)395119162 |
| 787 | 0 | 8 | |i Rezensiert in |a Szende, Katalin |t Moldt, Dirk, 1963-. Deutsche Stadtrechte im mittelalterlichen Siebenbürgen. - Köln [u.a.] : Böhlau. - 2009 [Rezension] |w (DE-603)395132177 |
| 830 | 0 | |t Studia Transylvanica |v 37 |w (DE-603)010907564 |w (DE-600)532346-0 |9 237 |7 as | |
| 856 | 4 | 2 | |m B:DE-101 |q text/html |u http://deposit.dnb.de/cgi-bin/dokserv?id=3112566&prov=M&dok_var=1&dok_ext=htm |3 Inhaltstext |
| 856 | 4 | 2 | |m V:DE-603;B:DE-Mb50 |q application/pdf |u http://scans.hebis.de/HEBCGI/show.pl?20649359_toc.pdf |3 Inhaltsverzeichnis |
| 924 | 0 | |9 34/24 |a (DE-603)585461295 |b DE-34-24 |c HES |d c |g 25 Ges HN 1501 | |
| 924 | 0 | |9 Mb 50 |a (DE-603)563137029 |b DE-Mb50 |c HES |d c |g 09.3940 | |
| 924 | 0 | |9 2080 |a (DE-603)791950271 |b DE-2080 |c HES |d d |g / | |
| 924 | 0 | |9 26/010 |a (DE-603)1266248188 |b DE-26-010 |c HES |d d |g 13 Dga 2009/1 |h hap10117080 | |
| 924 | 0 | |9 4 |a (DE-603)581149580 |b DE-4 |c HES |d c |g 001 NB 5350 M717 | |


